000 00245nam a2200097Ia 4500
005 20251222113742.0
008 251222s1900||||xx |||||||||||||| ||spa||
082 _aDVD0120/D89/1952
245 0 _aCantando bajo la lluvia:Singin in the rain
942 _cDVD
999 _c633
_d633